Statistics for Places with the Same Prefixes #1

Click here to take the quiz!

General Stats

  • This quiz has been taken 154 times
  • The average score is 15 of 24

Answer Stats

PrefixHintPlace% Correct
NewCapital of IndiaNew Delhi
99%
NewPeople from here are called KiwiNew Zealand
98%
CapeSouth Africa's legislative capitalCape Town
85%
GreatMost populous European islandGreat Britain
85%
GreatHuron, Michigan, Ontario ,etc...Great Lakes
85%
GreatProtective Chinese barrier meant to
keep out northern invaders
Great Wall
85%
GreatGiant coral structure off the
coast of Australia
Great Barrier
Reef
82%
GreatThe biggest thing in GizaGreat Pyramid
80%
MontCountry in the BalkansMontenegro
79%
NewNortheastern region of the U.S.New England
77%
MontU.S. "Treasure" stateMontana
74%
NewCanadian island that briefly was an
independent country
Newfoundland
73%
CapeWesternmost African countryCape Verde
69%
CapeHook-shaped peninsula
of Massachusetts
Cape Cod
62%
MontCity that hosted the 1976
Summer Olympics
Montreal
59%
CapePeninsula that was once thought to be
Africa's southernmost point
Cape of
Good Hope
57%
NewFrench overseas Pacific regionNew Caledonia
54%
MontCity on the Rio de la PlataMontevideo
50%
MontThird-biggest Mexican urban areaMonterrey
49%
CapeSouthernmost point of ChileCape Horn
45%
MontUniversity-city on France's
southern coast
Montpellier
43%
CapePeninsula of far northern AustraliaCape York
24%
GreatNational park in NevadaGreat Basin
10%
NewIsland of the Bahamas on which
its capital lies
New Providence
10%

Score Distribution

Percentile by Number Answered

Percent of People with Each Score

Your Score History

You have not taken this quiz